[Event "Verbandsliga Suedbaden 1920"]
[Site "Baden"]
[Date "2020.02.02"]
[Round "5.6"]
[White "Klaus, Ingo"]
[Black "Kick, Joachim"]
[Result "1-0"]
[WhiteElo "2116"]
[BlackElo "2116"]
[PlyCount "161"]
[EventDate "2019.09.29"]
[EventType "team-tourn"]
[EventRounds "9"]
[EventCountry "GER"]
[SourceTitle "EXT 2021"]
[Source "ChessBase"]
[SourceDate "2020.10.23"]
[SourceVersion "1"]
[SourceVersionDate "2020.10.23"]
[SourceQuality "1"]
[WhiteTeam "Gottmadingen"]
[BlackTeam "Kuppenheim"]
[WhiteTeamCountry "GER"]
[BlackTeamCountry "GER"]

1. e4 e5 2. Nf3 Nc6 3. Bb5 a6 4. Ba4 Nf6 5. d3 d6 6. Bxc6+ bxc6 7. h3 g6 8. 0-0 Bg7 9. Nc3 0-0 10. Nd2 Be6 11. Nc4 Nh5 12. Rb1 Qe8 13. Bd2 f5 14. Qe2 f4 15. Qd1 g5 16. Re1 Qg6 17. f3 Nf6 18. Na5 Bd7 19. Kf2 h5 20. Rh1 Kf7 21. Ke2 Rh8 22. Qf1 g4 23. Re1 gxh3 24. gxh3 h4 25. Rg1 Qh6 26. Kd1 Nh5 27. Ne2 c5 28. Nc4 Qe6 29. Rg4 Qf6 30. Rg1 Ng3 31. Qg2 Qe6 32. Nc3 Qxh3 33. Nd5 Qxg2 34. Rxg2 Rac8 35. Ba5 h3 36. Rh2 Bf8 37. Bxc7 Ke6 38. Ba5 Bb5 39. Ncb6 Rb8 40. c4 Bc6 41. Nc7+ Kf6 42. a3 Rb7 43. Ncd5+ Ke6 44. Bc3 Rh6 45. b4 Be7 46. Nxe7 Rxe7 47. Kd2 Rb7 48. Nd5 Rh4 49. Rb1 Rhh7 50. Ke1 Ba4 51. Rbb2 Bc6 52. Kf2 Ba4 53. Bd2 Bc6 54. Nc3 Rb8 55. b5 axb5 56. cxb5 d5 57. exd5+ Bxd5 58. a4 Nf5 59. a5 Nd4 60. Nxd5 Kxd5 61. b6 Kc6 62. Bc3 Ra8 63. b7 Rxb7 64. Rxb7 Kxb7 65. Rxh3 Nc6 66. Rh5 Nxa5 67. Bxe5 Nb3 68. Bxf4 Nd4 69. Rxc5 Rf8 70. Ke3 Ne6 71. Rc4 Kb6 72. Be5 Rd8 73. f4 Rf8 74. d4 Kb5 75. Rc1 Nd8 76. Ke4 Nc6 77. f5 Nd8 78. Rc5+ Kb6 79. Bc7+ Kb7 80. Bxd8 Rxd8 81. f6 1-0

[Event "Verbandsliga Suedbaden 1819"]
[Site "Baden"]
[Date "2019.02.17"]
[Round "6.5"]
[White "Klaus, Ingo"]
[Black "Johne, Florian"]
[Result "0-1"]
[WhiteElo "2109"]
[BlackElo "1981"]
[PlyCount "74"]
[EventDate "2018.10.14"]
[EventType "team-tourn"]
[EventRounds "9"]
[EventCountry "GER"]
[SourceTitle "EXT 2020"]
[Source "ChessBase"]
[SourceDate "2019.10.17"]
[SourceVersion "1"]
[SourceVersionDate "2019.10.17"]
[SourceQuality "1"]
[WhiteTeam "Gottmadingen"]
[BlackTeam "Konstanz"]
[WhiteTeamCountry "GER"]
[BlackTeamCountry "GER"]

1. e4 e5 2. Nf3 Nc6 3. Bb5 a6 4. Ba4 Nf6 5. 0-0 Be7 6. Re1 b5 7. Bb3 d6 8. c3 0-0 9. h3 Nb8 10. d4 Nbd7 11. a4 Bb7 12. Nbd2 Re8 13. axb5 axb5 14. Rxa8 Qxa8 15. Ng5 Rf8 16. Bxf7+ Rxf7 17. Qb3 d5 18. Nxf7 Kxf7 19. f4 Qa4 20. fxe5 Qxb3 21. Nxb3 Nxe4 22. Na5 Ba8 23. Be3 Nb6 24. Ra1 b4 25. cxb4 Bxb4 26. Nb3 Be7 27. Ra7 Bd8 28. Nc5 Bc6 29. Nd3 Ke6 30. Kh2 Kd7 31. g3 Bb5 32. Nf4 g5 33. Nh5 Ba4 34. Bc1 Kc8 35. Ra5 Kb7 36. Nf6 Nxf6 37. Bxg5 Ng4+ 0-1

[Event "Verbandsliga Suedbaden 1718"]
[Site "Baden"]
[Date "2017.12.03"]
[Round "3.6"]
[White "Klaus, Ingo"]
[Black "Wernet, Andreas"]
[Result "1/2-1/2"]
[WhiteElo "2100"]
[BlackElo "2016"]
[PlyCount "84"]
[EventDate "2017.10.08"]
[EventType "team-tourn"]
[EventRounds "9"]
[EventCountry "GER"]
[SourceTitle "EXT 2019"]
[Source "ChessBase"]
[SourceDate "2018.10.10"]
[SourceVersion "1"]
[SourceVersionDate "2018.10.10"]
[SourceQuality "1"]
[WhiteTeam "Gottmadingen"]
[BlackTeam "Oberwinden"]
[WhiteTeamCountry "GER"]
[BlackTeamCountry "GER"]

1. e4 e6 2. d4 d5 3. Nc3 dxe4 4. Nxe4 Nd7 5. Nf3 Ngf6 6. Nxf6+ Nxf6 7. Be2 Be7 8. Bf4 0-0 9. 0-0 c5 10. c3 b6 11. Qa4 Bd7 12. Qb3 Qe8 13. a4 a6 14. Ne5 Nd5 15. Bg3 cxd4 16. Bf3 dxc3 17. bxc3 Rc8 18. Bxd5 exd5 19. Nxd7 Qxd7 20. Qxb6 Rc6 21. Qd4 Rc4 22. Qb6 Rxa4 23. Rxa4 Qxa4 24. Be5 Re8 25. Bd4 Qb5 26. Qa7 a5 27. Ra1 Bd8 28. g3 Qc6 29. Rb1 Qe6 30. Ra1 h6 31. Qb7 h5 32. h4 Bf6 33. Bxf6 Qxf6 34. Rxa5 Qf3 35. Ra8 Rxa8 36. Qxa8+ Kh7 37. Qc6 Qd3 38. Qc7 Qb1+ 39. Kh2 Qf5 40. Kg1 Qb1+ 41. Kh2 Qf5 42. Qb6 Qe4 1/2-1/2

[Event "Verbandsliga Sued Baden 1112"]
[Site "Germany"]
[Date "2012.04.29"]
[Round "9.3"]
[White "Klaus, Ingo"]
[Black "Buttenmueller, Thomas"]
[Result "1/2-1/2"]
[WhiteElo "2104"]
[BlackElo "2156"]
[PlyCount "107"]
[EventDate "2011.10.09"]
[EventType "team-tourn"]
[EventRounds "9"]
[EventCountry "GER"]
[SourceTitle "EXT 2013"]
[Source "ChessBase"]
[SourceDate "2012.11.22"]
[SourceVersion "1"]
[SourceVersionDate "2012.11.22"]
[SourceQuality "1"]
[WhiteTeam "Engen"]
[BlackTeam "Horben"]
[WhiteTeamCountry "GER"]
[BlackTeamCountry "GER"]

1. e4 c5 2. Nf3 a6 3. g3 Nc6 4. Bg2 g6 5. 0-0 Bg7 6. c3 e5 7. d3 d6 8. a4 Nge7 9. Na3 0-0 10. Nc4 h6 11. a5 Be6 12. Nfd2 f5 13. exf5 Bxf5 14. Nb6 Rb8 15. Qb3+ Kh7 16. Ne4 Qc7 17. Be3 Nc8 18. Nxc8 Rbxc8 19. Qb6 Qxb6 20. axb6 Rcd8 21. Rfd1 Bg4 22. Rd2 Bf3 23. Nxd6 Rxd6 24. Bxc5 Rdf6 25. Bxf3 Rxf3 26. Bxf8 Rxf8 27. Kg2 Rf6 28. Re1 g5 29. Re4 Kg6 30. h3 Rd6 31. Rc4 Na5 32. Rc7 Rxb6 33. b4 Nc6 34. Kf3 Nd8 35. Ke4 Rd6 36. Ra2 h5 37. Ra5 Bf6 38. f3 Rb6 39. Rd5 Nf7 40. Rdd7 Nd8 41. Kd5 h4 42. g4 Ne6 43. Rxb7 Nf4+ 44. Ke4 Rc6 45. Rb8 Nxh3 46. Rg8+ Kh6 47. Kf5 Nf4 48. Rf7 h3 49. Rxf6+ Rxf6+ 50. Kxf6 Kh7 51. Rg7+ Kh6 52. Rg8 Kh7 53. Rg7+ Kh6 54. Rg8 1/2-1/2

[Event "Verbandsliga Sued Baden 1112"]
[Site "Germany"]
[Date "2011.11.27"]
[Round "3.3"]
[White "Klaus, Ingo"]
[Black "Feiler, Juergen"]
[Result "1-0"]
[WhiteElo "2104"]
[BlackElo "2163"]
[PlyCount "103"]
[EventDate "2011.10.09"]
[EventType "team-tourn"]
[EventRounds "9"]
[EventCountry "GER"]
[SourceTitle "EXT 2013"]
[Source "ChessBase"]
[SourceDate "2012.11.22"]
[SourceVersion "1"]
[SourceVersionDate "2012.11.22"]
[SourceQuality "1"]
[WhiteTeam "Engen"]
[BlackTeam "Baden-Baden IV"]
[WhiteTeamCountry "GER"]
[BlackTeamCountry "GER"]

1. e4 e6 2. d4 d5 3. e5 c5 4. c3 Nc6 5. Nf3 Nh6 6. Bd3 cxd4 7. cxd4 f6 8. exf6 gxf6 9. 0-0 Nf7 10. Re1 Bg7 11. Nc3 0-0 12. a3 Kh8 13. Bb1 Nd6 14. Bf4 Rf7 15. Na4 Nc4 16. b3 Nb6 17. Nc5 e5 18. dxe5 fxe5 19. Nxe5 Nxe5 20. Bxe5 Qh4 21. Bg3 Qf6 22. Ra2 Bf5 23. Bxf5 Qxf5 24. Rae2 d4 25. Ne6 Bf6 26. Nxd4 Qd7 27. Nf3 Qb5 28. Ne5 Rff8 29. Qd3 Qxd3 30. Nxd3 Rac8 31. Be5 Kg7 32. Re3 Nd5 33. Rg3+ Kh8 34. Bxf6+ Rxf6 35. Ne5 h6 36. h4 Kh7 37. Rd1 Nb6 38. Re3 Rcf8 39. Ng4 Rf4 40. f3 h5 41. Re7+ R8f7 42. Rxf7+ Rxf7 43. Ne5 Re7 44. Nc4 Nxc4 45. bxc4 Rc7 46. Rd4 Kg6 47. Kf2 Rc5 48. g4 hxg4 49. fxg4 Ra5 50. Rd6+ Kf7 51. Rd7+ Kf6 52. g5+ 1-0

[Event "Zuerich op-B 34th"]
[Site "Zuerich"]
[Date "2010.12.29"]
[Round "5"]
[White "Pogan, Sebastian"]
[Black "Klaus, Ingo"]
[Result "1-0"]
[WhiteElo "1947"]
[BlackElo "2043"]
[PlyCount "123"]
[EventDate "2010.12.26"]
[EventType "swiss"]
[EventRounds "7"]
[EventCountry "SUI"]
[SourceTitle "CBM 140 Extra"]
[Source "ChessBase"]
[SourceDate "2011.03.01"]
[SourceVersion "1"]
[SourceVersionDate "2011.03.01"]
[SourceQuality "1"]

1. d4 Nf6 2. c4 e6 3. Nc3 Bb4 4. a3 Bxc3+ 5. bxc3 c5 6. f3 Nc6 7. e4 d6 8. Be3 b6 9. Bd3 0-0 10. Qc2 Qc7 11. Ne2 e5 12. 0-0 Ba6 13. f4 Ng4 14. Bc1 cxd4 15. cxd4 Nxd4 16. Nxd4 Qc5 17. Bb2 exd4 18. Qe2 Ne3 19. Rf3 Rae8 20. Rc1 f5 21. Bxd4 Qxd4 22. Qxe3 Qc5 23. Qxc5 dxc5 24. e5 g6 25. a4 Rf7 26. a5 bxa5 27. Ra1 Rd7 28. Rxa5 Bb7 29. Re3 a6 30. Rxc5 Re6 31. Be2 Be4 32. Rxe4 fxe4 33. Bg4 Kf7 34. Ra5 e3 35. Kf1 Rd2 36. Bxe6+ Kxe6 37. Rxa6+ Kf5 38. e6 Rd4 39. Ke2 Rxc4 40. e7 Re4 41. g3 Kg4 42. Ra7 h5 43. Ra6 Rxe7 44. Rxg6+ Kh3 45. f5 Kxh2 46. g4 hxg4 47. Rxg4 Re5 48. f6 Rf5 49. Rg6 Kh3 50. Kxe3 Kh4 51. Ke4 Rf1 52. Ke5 Kh5 53. Rg2 Kh6 54. Ke6 Re1+ 55. Kd7 Rd1+ 56. Ke7 Re1+ 57. Kf8 Ra1 58. Re2 Ra8+ 59. Re8 Ra6 60. f7 Ra2 61. Kg8 Rg2+ 62. Kh8 1-0

[Event "Friedrichroda op 12th"]
[Site "Friedrichroda"]
[Date "2008.08.07"]
[Round "2"]
[White "Hess, Juergen"]
[Black "Klaus, Ingo"]
[Result "1/2-1/2"]
[WhiteElo "2034"]
[BlackElo "2148"]
[PlyCount "74"]
[EventDate "2008.08.06"]
[EventType "swiss"]
[EventRounds "7"]
[EventCountry "GER"]
[SourceTitle "CBM 126 Extra"]
[Source "ChessBase"]
[SourceDate "2008.11.05"]
[SourceVersion "1"]
[SourceVersionDate "2008.11.05"]
[SourceQuality "1"]
[WhiteTeam "Attikis Aspropirgos (W)"]
[BlackTeam "Attikis Aspropirgos (W)"]
[WhiteTeamCountry "GRE"]
[BlackTeamCountry "GRE"]

1. e4 e6 2. d4 d5 3. Nd2 Nf6 4. e5 Nfd7 5. Ngf3 c5 6. c4 cxd4 7. cxd5 exd5 8. Bd3 Nc6 9. 0-0 Be7 10. Re1 0-0 11. Nb3 Re8 12. Bf4 Nf8 13. a3 Bg4 14. Be2 Bxf3 15. Bxf3 Ne6 16. g3 a5 17. Bg4 Qb6 18. Rb1 a4 19. Nd2 Nc5 20. Nf3 Rad8 21. Nxd4 Nb3 22. Nxb3 axb3 23. Qd3 Bc5 24. Re2 Nd4 25. Rd2 Ne6 26. Bf5 g6 27. Bxe6 fxe6 28. Be3 Bxe3 29. fxe3 Rf8 30. Rf1 Rxf1+ 31. Kxf1 Rc8 32. Qd4 Rc1+ 33. Kf2 Qb5 34. Re2 Rc2 35. Qg4 Qc6 36. Rxc2 Qxc2+ 37. Kf3 Qf5+ 1/2-1/2

[Event "Friedrichroda op 12th"]
[Site "Friedrichroda"]
[Date "2008.08.07"]
[Round "3"]
[White "Stiefel, Roland"]
[Black "Klaus, Ingo"]
[Result "1-0"]
[WhiteElo "2056"]
[BlackElo "2148"]
[PlyCount "64"]
[EventDate "2008.08.06"]
[EventType "swiss"]
[EventRounds "7"]
[EventCountry "GER"]
[SourceTitle "CBM 126 Extra"]
[Source "ChessBase"]
[SourceDate "2008.11.05"]
[SourceVersion "1"]
[SourceVersionDate "2008.11.05"]
[SourceQuality "1"]
[WhiteTeam "Attikis Aspropirgos (W)"]
[BlackTeam "Attikis Aspropirgos (W)"]
[WhiteTeamCountry "GRE"]
[BlackTeamCountry "GRE"]

1. Nc3 e5 2. Nf3 Nc6 3. d4 exd4 4. Nxd4 Bb4 5. Qd3 Nf6 6. Bd2 0-0 7. Nxc6 bxc6 8. Qd4 a5 9. e3 d5 10. Qh4 Be7 11. Qf4 Rb8 12. Nd1 Ne4 13. Bxa5 Bd6 14. Qf3 Be5 15. Bd3 f5 16. Qe2 Rf6 17. f3 Rh6 18. Bxe4 fxe4 19. f4 Bxb2 20. Nxb2 Rxb2 21. Bc3 Rb8 22. Be5 c5 23. Rd1 Ba6 24. Qd2 Bc4 25. g3 Qd7 26. Qg2 Qa4 27. Qd2 Qxa2 28. Kf2 Qa7 29. Qc3 Rg6 30. h4 Qb7 31. f5 Rg4 32. Bf4 Qc8 1-0

[Event "Friedrichroda op 12th"]
[Site "Friedrichroda"]
[Date "2008.08.06"]
[Round "1"]
[White "Klaus, Ingo"]
[Black "Hansch, Karsten"]
[Result "1-0"]
[WhiteElo "2148"]
[BlackElo "1581"]
[PlyCount "79"]
[EventDate "2008.08.06"]
[EventType "swiss"]
[EventRounds "7"]
[EventCountry "GER"]
[SourceTitle "CBM 126 Extra"]
[Source "ChessBase"]
[SourceDate "2008.11.05"]
[SourceVersion "1"]
[SourceVersionDate "2008.11.05"]
[SourceQuality "1"]
[WhiteTeam "Attikis Aspropirgos (W)"]
[BlackTeam "Attikis Aspropirgos (W)"]
[WhiteTeamCountry "GRE"]
[BlackTeamCountry "GRE"]

1. e4 c5 2. Nc3 Nc6 3. Bb5 d6 4. Bxc6+ bxc6 5. d3 Nf6 6. Nf3 e5 7. 0-0 Be7 8. Nd2 0-0 9. f4 exf4 10. Rxf4 d5 11. Rf1 Bg4 12. Qe1 d4 13. Ne2 Nd7 14. Nf4 Bh4 15. g3 Bg5 16. Nc4 Qe7 17. b3 Ne5 18. Qa5 Nf3+ 19. Kg2 Bxf4 20. Bxf4 Rfd8 21. Rxf3 Bxf3+ 22. Kxf3 g5 23. Qc7 Qf6 24. Qe5 Qxe5 25. Bxe5 h6 26. Kg4 Re8 27. Bd6 Rad8 28. Rf1 Re6 29. Bxc5 Rd7 30. Rf5 Kg7 31. Ne5 Rc7 32. Bxd4 f6 33. h4 Rce7 34. Nc4 Kg6 35. h5+ Kf7 36. e5 Rd7 37. Bc3 Rd8 38. exf6 Re2 39. Ne5+ Kf8 40. Bb4+ 1-0

[Event "Verbandsliga Sued Baden 0708"]
[Site "Germany"]
[Date "2007.10.14"]
[Round "1.2"]
[White "Germer, Philipp"]
[Black "Klaus, Ingo"]
[Result "1-0"]
[WhiteElo "2129"]
[BlackElo "2076"]
[PlyCount "63"]
[EventDate "2007.10.14"]
[EventType "team"]
[EventRounds "9"]
[EventCountry "GER"]
[SourceTitle "EXT 2009"]
[Source "ChessBase"]
[SourceDate "2008.11.26"]
[SourceVersion "1"]
[SourceVersionDate "2008.11.26"]
[SourceQuality "1"]
[WhiteTeam "Oberwinden"]
[BlackTeam "Engen"]
[WhiteTeamCountry "GER"]
[BlackTeamCountry "GER"]

1. e4 e6 2. d4 d5 3. e5 c5 4. c3 Nc6 5. Nf3 Qb6 6. a3 a5 7. a4 Bd7 8. Na3 cxd4 9. Nb5 dxc3 10. bxc3 Bc5 11. Rb1 Kf8 12. Ba3 Nge7 13. Qc2 Rc8 14. Nd6 Bxf2+ 15. Kd1 Qe3 16. Nxc8 Bxc8 17. Rb2 Bh4 18. Nxh4 Qxe5 19. Nf3 Qc7 20. Bb5 f6 21. Qf2 Kf7 22. Re1 Re8 23. Ng5+ Kg8 24. Nxe6 Qxh2 25. Nf4 g5 26. Bxc6 bxc6 27. Nd3 Qh5+ 28. Kc1 Bf5 29. Bxe7 Bxd3 30. Qxf6 Bg6 31. Rf2 Qh4 32. Qe6+ 1-0

[Event "Verbandsliga Sued Baden 0405"]
[Site "Germany"]
[Date "2005.03.13"]
[Round "8.4"]
[White "Klaus, Ingo"]
[Black "Schaedler, Juergen"]
[Result "1/2-1/2"]
[WhiteElo "2148"]
[BlackElo "2096"]
[PlyCount "50"]
[EventDate "2004.10.10"]
[EventType "team"]
[EventRounds "9"]
[EventCountry "GER"]
[SourceTitle "EXT 2007"]
[Source "ChessBase"]
[SourceDate "2006.11.23"]
[SourceVersion "1"]
[SourceVersionDate "2006.11.23"]
[SourceQuality "1"]
[WhiteTeam "Engen"]
[BlackTeam "Gottmadingen"]
[WhiteTeamCountry "GER"]
[BlackTeamCountry "GER"]

1. e4 e6 2. d4 c5 3. d5 exd5 4. exd5 d6 5. Nf3 Nf6 6. Nc3 a6 7. a4 g6 8. a5 Bg7 9. Be2 h6 10. 0-0 0-0 11. h3 Nbd7 12. Bf4 Qc7 13. Qd2 Kh7 14. Ra3 Re8 15. Rfa1 Ng8 16. Na4 Ndf6 17. Nb6 Rb8 18. Bd3 Ne4 19. Qc1 Ngf6 20. Rb3 Bd7 21. Bh2 Kg8 22. Qf4 Nh5 23. Qc1 Nhf6 24. Qf1 Kh7 25. Rd1 Kg8 1/2-1/2

[Event "Verbandsliga Sued Baden 0405"]
[Site "Germany"]
[Date "2005.02.27"]
[Round "7.3"]
[White "Klaus, Ingo"]
[Black "Terraz, Christian"]
[Result "0-1"]
[WhiteElo "2148"]
[BlackElo "2126"]
[PlyCount "70"]
[EventDate "2004.10.10"]
[EventType "team"]
[EventRounds "9"]
[EventCountry "GER"]
[SourceTitle "EXT 2007"]
[Source "ChessBase"]
[SourceDate "2006.11.23"]
[SourceVersion "1"]
[SourceVersionDate "2006.11.23"]
[SourceQuality "1"]
[WhiteTeam "Engen"]
[BlackTeam "Horben"]
[WhiteTeamCountry "GER"]
[BlackTeamCountry "GER"]

1. e4 e5 2. Nf3 Nc6 3. Bb5 Bc5 4. 0-0 Nd4 5. Nxd4 Bxd4 6. c3 Bb6 7. d4 c6 8. Ba4 d6 9. Na3 Nf6 10. Nc4 Bc7 11. dxe5 dxe5 12. Qxd8+ Kxd8 13. Bc2 Be6 14. Ne3 g6 15. b3 Ke7 16. g3 Rhd8 17. Ba3+ Bd6 18. Bxd6+ Rxd6 19. f4 Ng4 20. Nxg4 Bxg4 21. Rf2 Rad8 22. Kg2 Rd2 23. Raf1 Be2 24. Re1 Ba6 25. c4 b5 26. cxb5 Bxb5 27. Bb1 Rxf2+ 28. Kxf2 Rd2+ 29. Kf3 Rxh2 30. fxe5 Rb2 31. Rc1 h5 32. a4 Rxb3+ 33. Kf4 Bxa4 34. Ba2 Rb2 35. Bc4 Rc2 0-1

[Event "Verbandsliga Sued Baden 0405"]
[Site "Germany"]
[Date "2005.01.23"]
[Round "6.3"]
[White "Stankovic, Zeljko"]
[Black "Klaus, Ingo"]
[Result "1-0"]
[WhiteElo "2138"]
[BlackElo "2148"]
[PlyCount "49"]
[EventDate "2004.10.10"]
[EventType "team"]
[EventRounds "9"]
[EventCountry "GER"]
[SourceTitle "EXT 2007"]
[Source "ChessBase"]
[SourceDate "2006.11.23"]
[SourceVersion "1"]
[SourceVersionDate "2006.11.23"]
[SourceQuality "1"]
[WhiteTeam "Dreisamtal"]
[BlackTeam "Engen"]
[WhiteTeamCountry "GER"]
[BlackTeamCountry "GER"]

1. d4 Nf6 2. c4 e6 3. Nc3 Bb4 4. e3 Bxc3+ 5. bxc3 d6 6. Bd3 e5 7. Ne2 0-0 8. 0-0 e4 9. Bc2 Re8 10. Ng3 Bg4 11. f3 exf3 12. gxf3 Bh3 13. Re1 Nbd7 14. Kh1 Nf8 15. Qd3 Ng6 16. Rg1 c6 17. e4 Qa5 18. Nf5 d5 19. cxd5 cxd5 20. e5 Bxf5 21. Qxf5 Qxc3 22. Rb1 Nh4 23. Rxg7+ Kf8 24. Qxf6 Re7 25. Bh6 1-0

[Event "Verbandsliga Sued Baden 0405"]
[Site "Germany"]
[Date "2004.10.31"]
[Round "2.4"]
[White "Richter, Klaus"]
[Black "Klaus, Ingo"]
[Result "0-1"]
[WhiteElo "2191"]
[BlackElo "2148"]
[PlyCount "120"]
[EventDate "2004.10.10"]
[EventType "team"]
[EventRounds "9"]
[EventCountry "GER"]
[SourceTitle "EXT 2007"]
[Source "ChessBase"]
[SourceDate "2006.11.23"]
[SourceVersion "1"]
[SourceVersionDate "2006.11.23"]
[SourceQuality "1"]
[WhiteTeam "Donaueschingen"]
[BlackTeam "Engen"]
[WhiteTeamCountry "GER"]
[BlackTeamCountry "GER"]

1. e4 e6 2. d4 d5 3. Be3 Nf6 4. Nd2 dxe4 5. f3 Nd5 6. Qe2 Nc6 7. c3 exf3 8. Ngxf3 Be7 9. g3 0-0 10. Bf2 Bd7 11. Bg2 a6 12. 0-0 Rb8 13. Rfe1 Re8 14. Nc4 Bf6 15. Rad1 b5 16. Nce5 Qe7 17. Nd3 Rbd8 18. Nc5 Bc8 19. a4 bxa4 20. Nxa4 g6 21. Nc5 h5 22. Ne5 Nb8 23. Qf3 Bg7 24. c4 Nb6 25. b3 Qf6 26. Qe2 Qe7 27. Rf1 Rf8 28. Be3 N6d7 29. Ned3 Nxc5 30. Nxc5 Nd7 31. Ne4 Qb4 32. Qc2 Bb7 33. c5 Bd5 34. Nd2 Bxd4 35. Bf2 Qxc5 36. Qxc5 Bxc5 37. Ne4 Bxf2+ 38. Rxf2 Bxe4 39. Bxe4 Nc5 40. Bc2 Rxd1+ 41. Bxd1 Rd8 42. Bc2 a5 43. Kf1 Kg7 44. Ke2 e5 45. Rf1 Rb8 46. Rf3 Ne6 47. Rc3 c5 48. Ke3 f5 49. Rc4 e4 50. Bd1 Kf6 51. Ra4 Rb5 52. Rc4 Nd4 53. Rc3 Ke5 54. h4 Kd6 55. Kf4 a4 56. bxa4 Rb1 57. Bxh5 Ne6+ 58. Ke3 gxh5 59. Ra3 Ke5 60. a5 Rb2 0-1

[Event "Baden VLS 0304"]
[Site "Baden"]
[Date "2004.02.29"]
[Round "6.1"]
[White "Merkel, Markus"]
[Black "Klaus, Ingo"]
[Result "0-1"]
[WhiteElo "2111"]
[BlackElo "2155"]
[PlyCount "76"]
[EventDate "2003.10.19"]
[EventType "team-tourn"]
[EventRounds "9"]
[EventCountry "GER"]
[SourceTitle "EXT 2022"]
[Source "ChessBase"]
[SourceDate "2021.10.06"]
[SourceVersion "1"]
[SourceVersionDate "2021.10.06"]
[SourceQuality "1"]
[WhiteTeam "Iffezheim"]
[BlackTeam "Engen"]
[WhiteTeamCountry "GER"]
[BlackTeamCountry "GER"]

1. e4 e6 2. d4 d5 3. e5 c5 4. c3 Nc6 5. Nf3 Qb6 6. a3 c4 7. Nbd2 Na5 8. Be2 Bd7 9. Rb1 Rc8 10. h4 h5 11. Ng5 g6 12. Qc2 Be7 13. Ndf3 Nh6 14. Nh3 Qb3 15. Qxb3 Nxb3 16. Bg5 Rc6 17. Nf4 Rb6 18. Bd1 Ba4 19. Bc2 Nf5 20. Rd1 Kf8 21. Bxb3 Rxb3 22. Bxe7+ Kxe7 23. Rd2 Rc8 24. 0-0 Rc6 25. Re1 Rcb6 26. Ree2 R3b5 27. Ng5 Nxh4 28. f3 Nf5 29. g4 Ng7 30. Kg2 Bb3 31. Nh7 Ba2 32. Nf6 Bb1 33. gxh5 gxh5 34. N4xh5 Nf5 35. Kh3 Bd3 36. Rg2 Bf1 37. Kh2 Bxg2 38. Rxg2 Rxb2 0-1

[Event "Baden VLS 0203"]
[Site "Baden"]
[Date "2003.02.09"]
[Round "6.1"]
[White "Klaus, Ingo"]
[Black "Mathonia, Claude"]
[Result "1/2-1/2"]
[WhiteElo "2155"]
[BlackElo "2216"]
[PlyCount "21"]
[EventDate "2002.10.13"]
[EventType "team-tourn"]
[EventRounds "9"]
[EventCountry "GER"]
[SourceTitle "EXT 2022"]
[Source "ChessBase"]
[SourceDate "2021.10.06"]
[SourceVersion "1"]
[SourceVersionDate "2021.10.06"]
[SourceQuality "1"]
[WhiteTeam "Engen"]
[BlackTeam "Zaehringen"]
[WhiteTeamCountry "GER"]
[BlackTeamCountry "GER"]

1. e4 d5 2. d4 c6 3. e5 Bf5 4. Nc3 e6 5. g4 Bg6 6. Nge2 Qh4 7. Be3 Nd7 8. Qd2 f6 9. Nf4 Bf7 10. Nd3 fxe5 11. h3 1/2-1/2

[Event "Baden VLS 0203"]
[Site "Baden"]
[Date "2002.10.13"]
[Round "1.2"]
[White "Klaus, Ingo"]
[Black "Fiedler, Joerg"]
[Result "0-1"]
[WhiteElo "2155"]
[BlackElo "2088"]
[PlyCount "117"]
[EventDate "2002.10.13"]
[EventType "team-tourn"]
[EventRounds "9"]
[EventCountry "GER"]
[SourceTitle "EXT 2022"]
[Source "ChessBase"]
[SourceDate "2021.10.06"]
[SourceVersion "1"]
[SourceVersionDate "2021.10.06"]
[SourceQuality "1"]
[WhiteTeam "Engen"]
[BlackTeam "Konstanz II"]
[WhiteTeamCountry "GER"]
[BlackTeamCountry "GER"]

1. e4 c5 2. Nf3 Nc6 3. Bb5 Nf6 4. e5 Nd5 5. Nc3 Nxc3 6. dxc3 Qb6 7. Qe2 a6 8. Bd3 g6 9. h4 h5 10. b3 Bg7 11. Bb2 Qc7 12. c4 Qa5+ 13. Kf1 d6 14. Be4 Nxe5 15. Nxe5 Bxe5 16. Bxe5 dxe5 17. Bd5 Qc7 18. Re1 Rb8 19. Qxe5 Qxe5 20. Rxe5 Bf5 21. Bf3 b6 22. c3 Rd8 23. Ke2 e6 24. Rd1 Ke7 25. Re3 a5 26. Be4 Rxd1 27. Kxd1 Rd8+ 28. Ke2 Bxe4 29. Rxe4 Rd6 30. Re3 f6 31. Rh3 e5 32. Rh1 Ke6 33. Rb1 Kf5 34. g3 g5 35. hxg5 fxg5 36. b4 cxb4 37. cxb4 Rc6 38. bxa5 bxa5 39. Kd3 e4+ 40. Kd4 Rd6+ 41. Ke3 Rd3+ 42. Ke2 Rc3 43. Rb5+ Kg4 44. Rxa5 Rxc4 45. Ra8 h4 46. gxh4 gxh4 47. Ke3 Kh3 48. a4 Kg2 49. Rg8+ Kh2 50. a5 Ra4 51. Rg5 h3 52. f4 exf3 53. Kxf3 Ra2 54. Rb5 Ra1 55. Rg5 Rf1+ 56. Ke2 Rg1 57. Rh5 Rg6 58. Kd3 Rc6 59. Kd4 0-1